[Event "45th Olympiad Budapest 2024"]
[Site "Budapest"]
[Date "2024.09.20"]
[Round "9.1"]
[White "Chinchilla, Alejandro Jose"]
[Black "Elbilia, Jacques"]
[Result "0-1"]
[WhiteElo "2113"]
[BlackElo "2343"]
[PlyCount "104"]
[EventDate "2024.09.11"]
[EventType "team"]
[EventRounds "11"]
[EventCountry "HUN"]
[WhiteTeam "Honduras"]
[BlackTeam "Morocco"]
[WhiteTeamCountry "HON"]
[BlackTeamCountry "MAR"]

1. e4 e5 2. Nf3 Nc6 3. Bc4 Nf6 4. Ng5 d5 5. exd5 Na5 6. Bb5+ Bd7 7. Qe2 Be7 8. Nc3 c6 9. dxc6 Nxc6 10. d3 ({RR} 10. O-O O-O 11. Bxc6 Bxc6 12. d3 Re8 13. Nge4 Nd5 14. Nxd5 Qxd5 15. c4 Qd7 16. Nc3 Rad8 17. Be3 b6 18. Rad1 Qf5 19. f3 h5 20. Qf2 Rxd3 21. Qc2 e4 22. fxe4 Rxc3 23. bxc3 Qg6 24. Qf2 Bxe4 {Pranesh,M (2598)-Carlsen,M (2832) chess.com INT 2024 0-1 (39)}) 10... O-O 11. Qd1 $146 ({RR} 11. O-O Bd6 12. Nge4 Nd4 13. Qd1 Bxb5 14. Bg5 Be7 15. f4 h6 16. Bh4 Nxe4 17. Bxe7 Qxe7 18. Nxe4 Bc6 19. f5 Bxe4 20. dxe4 Qc5 21. Kh1 Qxc2 22. Qg4 Rac8 23. h3 Qe2 24. Qg3 Qxe4 25. Rae1 Nxf5 {Gonzalez Alvarez,A-Lopez Lopez,P Asturias 1999 0-1 (42)}) 11... Bg4 12. Qd2 Nd4 13. Bc4 b5 14. h3 Bc8 15. Bb3 a5 16. Nge4 Bb7 17. Nxf6+ Bxf6 18. Ne4 a4 19. c3 axb3 20. cxd4 Bxe4 21. dxe4 Rxa2 22. Rb1 Ra4 23. O-O Qxd4 24. Qxd4 exd4 25. Rd1 Rc8 26. Rd3 Rac4 27. Bf4 Re8 28. f3 Be5 29. Bxe5 Rxe5 30. Rbd1 f5 31. Rxd4 fxe4 32. fxe4 Rc2 33. Rf1 h5 34. Rf5 Rxf5 35. exf5 Rxb2 36. Rb4 Kf7 37. Rxb5 Kf6 38. Kh2 h4 39. Rb4 Kg5 40. Rg4+ Kxf5 41. Rxh4 Rd2 42. Rb4 b2 43. Kg3 Ke5 44. h4 Kd5 45. h5 Kc5 46. Rb8 Kc4 47. Kf3 Rd3+ 48. Ke4 Rb3 49. Rc8+ Kb4 50. Rb8+ Kc3 51. Rc8+ Kd2 52. Rd8+ Ke2 0-1

[Event "45th Olympiad Budapest 2024"]
[Site "Budapest"]
[Date "2024.09.20"]
[Round "9.2"]
[White "Ouakhir, Mehdi Pierre"]
[Black "Colindres, Daniel"]
[Result "0-1"]
[WhiteElo "2191"]
[BlackElo "2079"]
[PlyCount "76"]
[EventDate "2024.09.11"]
[EventType "team"]
[EventRounds "11"]
[EventCountry "HUN"]
[WhiteTeam "Morocco"]
[BlackTeam "Honduras"]
[WhiteTeamCountry "MAR"]
[BlackTeamCountry "HON"]

1. e3 d5 2. c4 e6 3. Nc3 Nf6 4. Nf3 c5 5. d4 Nc6 6. a3 Ne4 7. Qc2 Nxc3 8. Qxc3 cxd4 9. Nxd4 ({RR} 9. exd4 dxc4 10. Bxc4 Be7 11. Bf4 Bf6 12. Rd1 O-O 13. O-O Ne7 14. Be5 Nd5 15. Qd3 b6 16. Ba2 Bb7 17. Bb1 g6 18. Rfe1 Qe7 19. Qd2 Rfd8 20. Be4 Kg7 21. h4 Bxe5 22. dxe5 Nc3 23. Qxc3 Rxd1 {Marin,S (2224)-Zhong,K (2090) Ottawa 2017 1-0 (40)}) 9... Be7 $146 ({RR} 9... Nxd4 10. Qxd4 dxc4 11. Qxd8+ Kxd8 12. Bxc4 Bd6 13. Bd2 Ke7 14. Bc3 Bd7 15. Ke2 {½-½ (15) Torre,E (2550)-Rodriguez,R Bangalore 1981}) ({RR} 9... Nxd4 10. Qxd4 dxc4 11. Qxd8+ Kxd8 12. Bxc4 Bd7 13. Ke2 Bc6 14. Rd1+ Kc7 15. Bd2 Be7 16. Rac1 {½-½ (16) Ghaem Maghami,E (2596)-Dominguez Perez,L (2732) Berlin 2015}) ({RR} 9... Nxd4 10. Qxd4 dxc4 11. Qxd8+ Kxd8 12. Bxc4 Be7 13. Bd2 Bd7 14. Bc3 Rc8 15. Bd3 Bf6 16. Bxf6+ gxf6 17. Ke2 h6 18. Rac1 {½-½ (18) Grau,R-Foltys,J Stockholm 1937}) ({RR} 9... Nxd4 10. Qxd4 dxc4 11. Qxd8+ Kxd8 12. Bxc4 Bd7 13. Bd2 Rc8 14. Bd3 Bd6 15. Bc3 f6 16. Ke2 Ke7 17. Rhd1 Be8 18. Rd2 Bh5+ 19. f3 Bg6 20. Bxg6 hxg6 21. Rad1 Rhd8 22. f4 Bc5 23. Rxd8 Rxd8 24. Rxd8 {Ivkov,B-Olafsson,F Copenhagen 1953 1-0 (51)}) 10. Nxc6 bxc6 11. Qxg7 Bf6 12. Qg3 Qb6 13. e4 dxe4 14. Be2 Bxb2 15. Rb1 Qa5+ 16. Bd2 Qxa3 17. Rxb2 Qxb2 18. Bc3 Qc1+ 19. Bd1 Ba6 20. O-O O-O-O 21. Bh5 Qh6 22. Bxf7 Rd3 23. Qe5 Rhd8 24. Ba5 R8d6 25. Qh8+ Kb7 26. Rb1+ Bb5 27. Qa1 e3 28. cxb5 exf2+ 29. Kh1 c5 30. Be8 Qf8 31. Bc6+ Kc8 32. h3 Rd1+ 33. Rxd1 Rxd1+ 34. Qxd1 f1=Q+ 35. Qxf1 Qxf1+ 36. Kh2 Qf4+ 37. Kg1 Qe3+ 38. Kf1 c4 0-1

[Event "45th Olympiad Budapest 2024"]
[Site "Budapest"]
[Date "2024.09.20"]
[Round "9.3"]
[White "Gavarrete, Joel"]
[Black "Moayad, Anas"]
[Result "1-0"]
[WhiteElo "2059"]
[BlackElo "2016"]
[PlyCount "65"]
[EventDate "2024.09.11"]
[EventType "team"]
[EventRounds "11"]
[EventCountry "HUN"]
[WhiteTeam "Honduras"]
[BlackTeam "Morocco"]
[WhiteTeamCountry "HON"]
[BlackTeamCountry "MAR"]

1. Nf3 Nf6 2. b3 c5 3. Bb2 Nc6 4. e3 e6 5. Be2 Be7 6. O-O O-O 7. d4 d5 8. Nbd2 b6 9. c4 Bb7 10. Rc1 Rc8 11. cxd5 ({RR} 11. Qc2 dxc4 12. bxc4 cxd4 13. exd4 Qd7 14. Rfd1 Rfd8 15. Qb3 Qe8 16. h3 Qf8 17. Qe3 Na5 18. Nb3 Nc6 19. Ne5 Ba3 20. Nxc6 Bxc6 21. Bxa3 Qxa3 22. Rc2 Ba4 23. Rcd2 Qb4 24. d5 exd5 25. cxd5 Bxb3 {Oparin,G (2652)-Keinanen,T (2460) Chess.com INT 2020 ½-½ (80)}) ({RR} 11. Bd3 cxd4 12. exd4 h6 13. Bb1 Bb4 14. a3 Bxd2 15. Qxd2 Na5 16. Rc3 dxc4 17. b4 Nb3 18. Qe2 Bxf3 19. Qxf3 Nd2 20. Qg3 Nxf1 21. Kxf1 Qxd4 22. Qf3 Rfd8 23. Bc2 Nd5 24. Qg3 Qf4 {0-1 (24) Li,D-Yang,Z Shanghai CHN 2024}) 11... Qxd5 $146 ({RR} 11... Nxd5 12. dxc5 Bxc5 13. Nc4 Qe7 14. Bd3 Rfd8 15. Qc2 h6 16. Qe2 b5 17. Nce5 Nxe5 18. Bxe5 a6 19. Bb1 Nf6 20. Rfd1 Ba3 21. Rxd8+ Qxd8 22. Rd1 Qe7 23. Qd3 Ne4 24. h3 {½-½ (24) Pfaffel,T (2172)-Schott,R (1933) Neustadt an der Weinstrasse 2012}) ({RR} 11... Nxd5 12. dxc5 Bxc5 13. Ne4 Be7 14. Bd3 Ndb4 15. Bb1 Ba6 16. Qxd8 Rfxd8 17. Rfd1 Nd3 18. Bxd3 Bxd3 19. Ng3 Ba6 20. h3 Bb7 21. Nh5 f6 22. Nf4 Kf7 23. Ne2 e5 24. Ng3 Ke6 25. Ne1 Rxd1 26. Rxd1 {Tran,T-Nguyen,N Dalat City 2005 0-1 (45)}) ({RR} 11... exd5 12. dxc5 Bxc5 13. Bd3 Qe7 14. Ng5 h6 15. Bxf6 gxf6 16. Nh3 Ne5 17. Bf5 Rcd8 18. Qh5 Kg7 19. Nf3 Ng6 20. Nh4 Nxh4 21. Qxh4 Rh8 22. Nf4 Kf8 23. Nh5 Qe5 24. Qxf6 Qxf6 25. Nxf6 Ke7 26. Nh5 {Bernardo,D (2043)-Pipiras,F (1758) Famalicao 2018 ½-½ (56)}) 12. dxc5 Bxc5 13. Nc4 Rfd8 14. Qxd5 Rxd5 15. Rfd1 Rcd8 16. Rxd5 Rxd5 17. Nfe5 Nxe5 18. Bxe5 Ne4 19. Bb8 a6 20. a3 Rd8 21. Ba7 Rc8 22. Nxb6 Rd8 23. b4 Bf8 24. f3 Nf6 25. Rc7 Rd2 26. Kf1 Bd5 27. e4 Bb3 28. Rc3 Bd1 29. Bxa6 Ra2 30. e5 Nd5 31. Nxd5 exd5 32. Rc8 Rc2 33. Bc5 1-0

[Event "45th Olympiad Budapest 2024"]
[Site "Budapest"]
[Date "2024.09.20"]
[Round "9.4"]
[White "Nait, Elasri Brahim"]
[Black "Soliz Gabarrete, Luis Fernando"]
[Result "0-1"]
[WhiteElo "1994"]
[BlackElo "1920"]
[PlyCount "102"]
[EventDate "2024.09.11"]
[EventType "team"]
[EventRounds "11"]
[EventCountry "HUN"]
[WhiteTeam "Morocco"]
[BlackTeam "Honduras"]
[WhiteTeamCountry "MAR"]
[BlackTeamCountry "HON"]

1. e4 c6 2. d4 d5 3. Nd2 dxe4 4. Nxe4 Bf5 5. Ng3 Bg6 6. Nf3 Nd7 7. h4 h6 8. h5 Bh7 9. Bd3 Bxd3 10. Qxd3 e6 11. Bd2 Ngf6 12. O-O-O Qc7 13. Rhe1 O-O-O 14. Qe2 Bd6 15. Ne5 Rhf8 16. f4 ({RR} 16. Kb1 c5 17. c3 Kb8 18. f4 Nd5 19. Ne4 Be7 20. c4 N5f6 21. Nc3 cxd4 22. Nb5 Qb6 23. f5 a6 24. fxe6 fxe6 25. Bf4 Ka8 26. Nxd4 Nxh5 27. Qxh5 Rxf4 28. Nxe6 Qxe6 29. Ng6 Re4 30. Nf4 Qxc4 {Lewicki,M (2339)-Mierins,E (2174) Vienna AUT 2023 0-1 (33)}) 16... c5 17. Be3 Kb8 $146 ({RR} 17... Nd5 18. Ne4 Nxe3 19. Nxd6+ Qxd6 20. Qxe3 Nxe5 21. dxe5 Qc7 22. g4 Qa5 23. a3 Qb5 24. f5 Qc4 25. b3 Qb5 26. fxe6 fxe6 27. Rd6 Qa5 28. Kb2 c4 29. b4 Qb5 30. Qxa7 Rxd6 31. exd6 Kd7 32. Qd4 {Morgan,M-Gilbert,J (2110) England 1997 ½-½ (68)}) 18. Qf3 c4 19. c3 Rc8 20. Ne4 Nxe4 21. Qxe4 Nf6 22. Qf3 b5 23. f5 b4 24. Kd2 Nd5 25. Bf2 Rfd8 26. Qe4 f6 27. Ng6 exf5 28. Qxf5 Qa5 29. Qc2 Re8 30. Ra1 f5 31. a3 bxc3+ 32. bxc3 Nf6 33. Ne5 Ne4+ 34. Rxe4 fxe4 35. Qxe4 Bxe5 36. dxe5 Qd8+ 37. Bd4 Kc7 38. Kc2 Qd7 39. g4 Rb8 40. Bxa7 Qa4+ 41. Kd2 Qxa7 42. Qxc4+ Kd8 43. Rd1 Rb7 44. e6 Qf2+ 45. Kc1+ Ke7 46. Rd2 Qe1+ 47. Rd1 Rb1+ 48. Kxb1 Qxd1+ 49. Ka2 Qd2+ 50. Ka1 Rd8 51. a4 Qc1+ 0-1

[Event "45th Olympiad Budapest 2024"]
[Site "Budapest"]
[Date "2024.09.20"]
[Round "9.1"]
[White "Dominguez, Jose Manuel"]
[Black "Paiva, Donaldo"]
[Result "1-0"]
[WhiteElo "2195"]
[BlackElo "2139"]
[PlyCount "65"]
[EventDate "2024.09.11"]
[EventType "team"]
[EventRounds "11"]
[EventCountry "HUN"]
[WhiteTeam "Dominican Republic"]
[BlackTeam "Mozambique"]
[WhiteTeamCountry "DOM"]
[BlackTeamCountry "MOZ"]

1. e4 c5 2. Nf3 d6 3. d4 cxd4 4. Nxd4 Nf6 5. Nc3 a6 6. Bc4 e6 7. Bb3 b5 8. Qf3 Qb6 9. Be3 Qb7 10. O-O-O ({RR} 10. a3 Be7 11. g4 Nbd7 12. g5 Ne5 13. Qg2 Nfd7 14. O-O Nc5 15. Ba2 O-O 16. Rae1 Nc4 17. Bc1 Qb6 18. Kh1 Bb7 19. h4 Rac8 20. Rd1 f5 21. gxf6 Bxf6 22. Nde2 Kh8 23. h5 h6 24. f3 Nd7 {Mahdavi,R (2389)-Volkov,M (2333) chess.com INT 2024 1-0 (31)}) 10... Nc6 11. Nxc6 Qxc6 12. Bd4 $146 ({RR} 12. Rhe1 Be7 13. Qg3 O-O 14. Bh6 Ne8 15. Nd5 Bd8 16. Nc3 {½-½ (16) Balazs,T (2202)-Kovacs,L (2229) Hungary 2012}) ({RR} 12. Bg5 Be7 13. Bxf6 Bxf6 14. Nd5 Be5 15. Qe2 a5 16. Qxb5 Qxb5 17. Nc7+ Ke7 18. Nxb5 Bd7 19. a4 Bxb5 20. axb5 a4 21. Ba2 a3 22. b3 Bc3 23. Rd3 Rac8 24. Rhd1 Rhd8 25. Kb1 h6 26. b4 Rc7 {Phadke,S (2259)-Ashwin,J (2478) New Delhi 2007 0-1 (33)}) 12... Be7 13. Nd5 Bb7 14. Nxf6+ gxf6 15. Bxf6 Rg8 16. Bxe7 Kxe7 17. Rhe1 Rac8 18. Rd2 Qc5 19. g3 a5 20. a3 a4 21. Ba2 b4 22. axb4 Qxb4 23. Qe3 Rc5 24. Qd4 Qb6 25. e5 d5 26. Qh4+ Kf8 27. Re4 Rb5 28. Rxa4 Bc6 29. Qd4 Rxb2 30. Bb3 Rxb3 31. cxb3 Qxb3 32. Qc5+ Kg7 33. Rg4+ 1-0

[Event "45th Olympiad Budapest 2024"]
[Site "Budapest"]
[Date "2024.09.20"]
[Round "9.2"]
[White "Andrade, Ivan"]
[Black "Araujo Sanchez, Josue"]
[Result "1-0"]
[WhiteElo "2132"]
[BlackElo "2296"]
[PlyCount "127"]
[EventDate "2024.09.11"]
[EventType "team"]
[EventRounds "11"]
[EventCountry "HUN"]
[WhiteTeam "Mozambique"]
[BlackTeam "Dominican Republic"]
[WhiteTeamCountry "MOZ"]
[BlackTeamCountry "DOM"]

1. e4 g6 2. d4 Bg7 3. c4 d6 4. Nc3 Nf6 5. Nf3 O-O 6. Be2 Bg4 7. h3 Bxf3 8. Bxf3 Nfd7 9. Be3 Nc6 10. Ne2 ({RR} 10. Qd2 e5 11. d5 Nd4 12. O-O-O a6 13. Kb1 b5 14. Be2 Nc5 15. b4 Nd7 16. Bd3 bxc4 17. Bxc4 Qb8 18. a3 a5 19. b5 Nc5 20. Ka2 a4 21. Rb1 Ncb3 22. Qd3 f5 23. f3 Nc5 24. Qd2 Ncb3 {Palencia,W (2168)-Minina,V (2057) chess.com INT 2024 1-0 (89)}) 10... e5 ({RR} 10... Na5 11. Rc1 c5 12. O-O Nc6 13. b3 a6 14. Qd2 cxd4 15. Nxd4 Nxd4 16. Bxd4 Bxd4 17. Qxd4 Qc7 18. Rc3 Rfd8 19. h4 Ne5 20. Be2 Qc5 21. Qd2 Nc6 22. Rd1 Qe5 23. Re3 Qf4 24. h5 Rac8 25. g3 {Astrom,R (2460)-Agrest,E (2525) Sweden 1998 1-0 (39)}) 11. d5 Ne7 12. g4 $146 ({RR} 12. h4 f5 13. h5 Nf6 14. Nc3 Qd7 15. hxg6 hxg6 16. Bg5 Kf7 17. Qe2 Rh8 18. O-O-O Raf8 19. Rxh8 Rxh8 20. c5 Bh6 21. Bxh6 Rxh6 22. cxd6 cxd6 23. Qe3 Rh4 24. g3 f4 25. Qxa7 fxg3 26. fxg3 Rh2 {Zeller,F-Schroeder,J Germany 1990 0-1 (60)}) ({RR} 12. Qc2 f5 13. g4 f4 14. Bd2 h6 15. g5 h5 16. h4 c6 17. Nc3 a5 18. Bg2 Nc5 19. b3 b5 20. cxb5 cxd5 21. Nxd5 Rc8 22. Bh3 Nxd5 23. Qc4 Rb8 24. Qxd5+ Kh7 25. a4 Nxe4 26. Qxe4 d5 {Naranja,R-Jimenez Zerquera,E Palma de Mallorca 1970 1-0 (37)}) 12... f5 13. Nc3 Nf6 14. h4 c6 15. Rg1 fxe4 16. Nxe4 cxd5 17. Nxf6+ Bxf6 18. Bxd5+ Nxd5 19. Qxd5+ Rf7 20. g5 Be7 21. h5 Qd7 22. hxg6 hxg6 23. O-O-O Rc8 24. Kb1 Qf5+ 25. Ka1 Bf8 26. Rc1 Qf3 27. Qxf3 Rxf3 28. Bxa7 Kf7 29. Be3 Ke6 30. a4 Bg7 31. a5 e4 32. Kb1 Be5 33. b4 Kf5 34. Rgd1 Rh8 35. Rc2 Rfh3 36. b5 Ra8 37. Ra2 Rhh8 38. Kc2 Kg4 39. Kb3 Kf3 40. a6 bxa6 41. Rxa6 Rab8 42. Raxd6 Bxd6 43. Rxd6 Rh1 44. Rxg6 Rb1+ 45. Kc3 Rd8 46. Kc2 Rb4 47. Rc6 Rd3 48. g6 Rbb3 49. Rf6+ Ke2 50. Bd4 Rb4 51. g7 Rxc4+ 52. Kb1 Rd1+ 53. Ka2 Rcxd4 54. g8=Q R1d2+ 55. Ka3 R2d3+ 56. Qb3 Rxb3+ 57. Kxb3 Rd3+ 58. Kc4 Rf3 59. Re6 Rf4 60. Kd5 Kf3 61. b6 Rf5+ 62. Kc6 Rf7 63. b7 Rf8 64. Re7 1-0

[Event "45th Olympiad Budapest 2024"]
[Site "Budapest"]
[Date "2024.09.20"]
[Round "9.3"]
[White "Camacho Campusano, David Daniel"]
[Black "Napoleao, Lourenco"]
[Result "1/2-1/2"]
[WhiteElo "2219"]
[BlackElo "1913"]
[PlyCount "124"]
[EventDate "2024.09.11"]
[EventType "team"]
[EventRounds "11"]
[EventCountry "HUN"]
[WhiteTeam "Dominican Republic"]
[BlackTeam "Mozambique"]
[WhiteTeamCountry "DOM"]
[BlackTeamCountry "MOZ"]

1. e4 c5 2. Nf3 d6 3. c3 Nf6 4. Be2 g6 5. O-O Bg7 6. Bb5+ Nbd7 7. Re1 O-O 8. d4 cxd4 ({RR} 8... a6 9. Bf1 e5 10. d5 h6 11. a4 Ne8 12. Nbd2 f5 13. b4 cxb4 14. cxb4 fxe4 15. Nxe4 Ndf6 16. Ra3 Nxe4 17. Rxe4 Nf6 18. Rc4 Bd7 19. Nh4 g5 20. Ng6 Rf7 21. h4 Bf5 22. hxg5 hxg5 23. Bxg5 {Ni,H (2667)-Liu,Q (2445) China 2010 0-1 (32)}) 9. cxd4 a6 ({RR} 9... Nb6 10. h3 d5 11. e5 Ne4 12. Nc3 Nxc3 13. bxc3 Bd7 14. a4 Rc8 15. Bd2 Nc4 16. Bxc4 Rxc4 17. Qb3 Qc7 18. Reb1 b6 19. Qa3 Bf5 20. Rb5 Bd7 21. Rb4 e6 22. a5 b5 23. Ne1 Rc8 24. Nd3 {Silva,K (2142)-Korol,D (2287) chess.com INT 2024 1-0 (37)}) 10. Bf1 Ne8 $146 ({RR} 10... b6 11. Nc3 Bb7 12. a4 Re8 13. d5 Rc8 14. Nd4 e6 15. dxe6 fxe6 16. Bg5 h6 17. Bh4 Kh8 18. Rc1 e5 19. Nc2 g5 20. Bg3 Nc5 21. f3 d5 22. exd5 Nxd5 23. Nxd5 Qxd5 24. Qxd5 Bxd5 25. Ne3 {Collutiis,D (2476)-Yao,S (2133) Biella 2014 ½-½ (33)}) ({RR} 10... e5 11. Nc3 b5 12. dxe5 Nxe5 13. Nxe5 dxe5 14. Qxd8 Rxd8 15. f3 Be6 16. Be3 Bf8 17. Red1 Bb4 18. Rxd8+ Rxd8 19. a4 bxa4 20. Nxa4 a5 21. Nc5 Bxc5 22. Bxc5 Ra8 23. b4 a4 24. Bb5 a3 25. Bc6 {Pali,G (2007)-Balog,M (2156) Budapest 2003 ½-½ (118)}) ({RR} 10... b5 11. Bg5 h6 12. Bh4 Nb6 13. Nbd2 Bb7 14. e5 dxe5 15. dxe5 Nh5 16. Qe2 Rc8 17. Ne4 Qc7 18. Rad1 Nf4 19. Qe3 Nfd5 20. Qb3 Rfd8 21. Bg3 Qc2 22. Nd4 Qxb3 23. Nxb3 Na4 24. Rd2 h5 25. Ree2 {Galstian,B (2216)-Mamedov,N (2403) Chalkidiki 2000 0-1 (33)}) 11. a4 b6 12. Nc3 Bb7 13. Bf4 Rc8 14. Qd2 e5 15. Bg5 Bf6 16. Bh6 exd4 17. Nxd4 Ng7 18. Rad1 Re8 19. Nf3 Nc5 20. Qxd6 Qxd6 21. Rxd6 Bxc3 22. bxc3 Nxa4 23. Ra1 b5 24. c4 Nc3 25. cxb5 axb5 26. Rb6 Bxe4 27. Bxb5 Nxb5 28. Rxb5 Nf5 29. Bg5 Bxf3 30. gxf3 Nd4 31. Rd5 Nxf3+ 32. Kg2 Nxg5 33. Rxg5 Rc2 34. Rg3 Re7 35. Rf3 Kg7 36. Ra4 Rc5 37. Raf4 Rg5+ 38. Rg3 Rh5 39. Rgf3 Rg5+ 40. Rg3 Rh5 41. Rgf3 Rb5 42. Rg3 Rb1 43. Rgf3 Ra1 44. Rc3 Ra5 45. Rcf3 Ra6 46. Kf1 f5 47. Rc4 Kf6 48. Kg2 Rb6 49. Ra4 Rb2 50. Ra6+ Kg7 51. Ra4 Rc2 52. Rb4 Ra2 53. Rc4 Ra6 54. Rb4 Rf7 55. Rfb3 Raa7 56. Rb6 Rae7 57. Kg3 Rd7 58. Kg2 h6 59. Ra6 Rb7 60. Rc3 Ra7 61. Rb6 Rab7 62. Ra6 Ra7 1/2-1/2

[Event "45th Olympiad Budapest 2024"]
[Site "Budapest"]
[Date "2024.09.20"]
[Round "9.4"]
[White "Joao, Farisse"]
[Black "Jimenez Jimenez, Leandro"]
[Result "0-1"]
[WhiteElo "1851"]
[BlackElo "2188"]
[PlyCount "90"]
[EventDate "2024.09.11"]
[EventType "team"]
[EventRounds "11"]
[EventCountry "HUN"]
[WhiteTeam "Mozambique"]
[BlackTeam "Dominican Republic"]
[WhiteTeamCountry "MOZ"]
[BlackTeamCountry "DOM"]

1. c4 e5 2. g3 Nf6 3. Bg2 c6 4. Nc3 d5 5. cxd5 cxd5 6. Qb3 Nc6 7. Nxd5 Nxd5 8. Qxd5 Bd6 9. Qb3 Nd4 10. Qd1 Bf5 $146 ({RR} 10... Qc7 11. Be4 f5 12. Bb1 Bd7 13. b3 O-O 14. Bb2 Bc6 15. f3 Rae8 16. e3 Ne6 17. Nh3 e4 18. f4 Nc5 19. O-O h6 20. b4 Na4 21. Bd4 b5 22. a3 Kh7 23. Ba2 a5 24. Rc1 Qb7 25. Qh5 {Kulon,K (2335)-Vidruska,R (2029) Katowice 2021 1-0}) 11. d3 Rc8 12. Kf1 O-O 13. Bd2 Qb6 14. Bc3 Rfd8 15. Qd2 Bc7 16. Bxd4 Rxd4 17. Nf3 Rb4 18. b3 a5 19. Nh4 Be6 20. Be4 Rxe4 21. dxe4 Bh3+ 22. Kg1 Rd8 23. Qc2 Qd4 24. Rc1 Bb6 25. e3 Qb4 26. Nf3 f6 27. Qc4+ Qxc4 28. bxc4 Bc5 29. Ne1 Rd2 30. a4 Kf7 31. Ng2 Ke6 32. Kf1 Kd6 33. Rg1 Kc6 34. Re1 Bb4 35. Rc1 Kc5 36. g4 g5 37. Rh1 b6 38. Kg1 Re2 39. Kf1 Ra2 40. Kg1 Bd2 41. Rd1 Bxg4 42. Rb1 Bh3 43. Kf1 Bb4 44. Rg1 Kxc4 45. f4 Kd3 0-1

[Event "45th Olympiad Budapest 2024"]
[Site "Budapest"]
[Date "2024.09.20"]
[Round "9.1"]
[White "Tan, Jun Ying"]
[Black "Than, Min Hlaing"]
[Result "1-0"]
[WhiteElo "2322"]
[BlackElo "2121"]
[PlyCount "111"]
[EventDate "2024.09.11"]
[EventType "team"]
[EventRounds "11"]
[EventCountry "HUN"]
[WhiteTeam "Malaysia"]
[BlackTeam "Myanmar"]
[WhiteTeamCountry "MAS"]
[BlackTeamCountry "MYA"]

1. d4 d5 2. c4 c6 3. Nf3 Nf6 4. e3 g6 5. Nc3 Bg7 6. Be2 O-O 7. O-O Bf5 8. cxd5 cxd5 9. Qb3 Nc6 10. Qxb7 Na5 11. Qb5 Bc2 12. Bd1 Rb8 $146 ({RR} 12... Bf5 13. b3 a6 14. Qe2 Nc6 15. Bb2 Re8 16. h3 Ne4 17. Bc2 Nb4 18. Bb1 Rc8 19. Rc1 a5 20. a3 Nxc3 21. Rxc3 Rxc3 22. Bxc3 Nc6 23. Bxf5 gxf5 24. b4 axb4 25. axb4 e6 26. b5 Ne7 27. Ne5 {Neubauer,M (2432)-Carvalho,R (1921) Rio de Janeiro 2010 1-0 (36)}) 13. Qe2 Bf5 14. b3 Qd6 15. Bb2 Rfc8 16. Ne5 Nc6 17. Na4 Ne4 18. Nxc6 Rxc6 19. f3 Nf6 20. a3 g5 21. e4 dxe4 22. fxe4 Bg4 23. Qd3 Bxd1 24. Raxd1 Ng4 25. e5 Qd5 26. Rf3 h5 27. Bc1 Rg6 28. Rdf1 Nh6 29. Nc3 Qe6 30. Ne4 g4 31. Re3 Kh8 32. Nf6 exf6 33. exf6 Qd5 34. fxg7+ Kxg7 35. b4 Rd8 36. Bb2 h4 37. Qe4 h3 38. Qxd5 Rxd5 39. Re5 Rgd6 40. Rxd5 Rxd5 41. gxh3 gxh3 42. Rf3 Rg5+ 43. Rg3 Rxg3+ 44. hxg3 Ng4 45. d5+ Kf8 46. Bd4 Ke7 47. Bxa7 Kd6 48. b5 Kxd5 49. a4 Nf6 50. a5 Kd6 51. a6 Nd5 52. b6 Nb4 53. b7 Nxa6 54. b8=Q+ Nxb8 55. Bxb8+ Ke6 56. Kh2 1-0

[Event "45th Olympiad Budapest 2024"]
[Site "Budapest"]
[Date "2024.09.20"]
[Round "9.2"]
[White "Kyaw, Zay Ya"]
[Black "Wong, Jianwen"]
[Result "0-1"]
[WhiteElo "1818"]
[BlackElo "2231"]
[PlyCount "62"]
[EventDate "2024.09.11"]
[EventType "team"]
[EventRounds "11"]
[EventCountry "HUN"]
[WhiteTeam "Myanmar"]
[BlackTeam "Malaysia"]
[WhiteTeamCountry "MYA"]
[BlackTeamCountry "MAS"]

1. e4 c5 2. Nf3 Nc6 3. d4 cxd4 4. Nxd4 Nf6 5. Nc3 d6 6. Be2 e5 7. Nb3 Be7 8. Be3 O-O 9. f3 a5 10. a4 Be6 11. Nd5 Bxd5 12. exd5 Nb4 13. c4 Nd7 14. O-O Bg5 15. Bf2 $146 ({RR} 15. f4 Bxf4 16. Bxf4 exf4 17. Rxf4 Qb6+ 18. Nd4 Rae8 19. Kh1 Ne5 20. Nf5 Ng6 21. Rg4 Re5 22. Ng3 Rfe8 23. Bf1 h5 24. Rd4 Re1 {0-1 (24) Gombar,P (1983)-Vermirovsky,V (2044) Tatranske Zruby 2012}) 15... b6 16. Nc1 f5 17. Nd3 Nxd3 18. Bxd3 Qf6 19. b4 axb4 20. Rb1 Qh6 21. Rxb4 Rae8 22. Qc2 e4 23. fxe4 fxe4 24. Bxe4 Rxf2 25. Rxf2 Be3 26. Bf3 Bxf2+ 27. Kxf2 Qh4+ 28. g3 Qxh2+ 29. Bg2 Rf8+ 30. Ke3 Qxg3+ 31. Kd4 Qe5+ 0-1

[Event "45th Olympiad Budapest 2024"]
[Site "Budapest"]
[Date "2024.09.20"]
[Round "9.3"]
[White "Ang, Ern Jie Anderson"]
[Black "Zaw, Ye Htut"]
[Result "1-0"]
[WhiteElo "2132"]
[BlackElo "1815"]
[PlyCount "47"]
[EventDate "2024.09.11"]
[EventType "team"]
[EventRounds "11"]
[EventCountry "HUN"]
[WhiteTeam "Malaysia"]
[BlackTeam "Myanmar"]
[WhiteTeamCountry "MAS"]
[BlackTeamCountry "MYA"]

1. Nf3 d5 2. g3 e6 3. Bg2 f5 4. O-O Nf6 5. c4 Be7 6. b3 O-O 7. Bb2 c6 8. d3 Re8 ({RR} 8... Bd6 9. Nbd2 f4 10. gxf4 Bxf4 11. e3 Bd6 12. Ne5 Bd7 13. f4 Be8 14. Bh3 Qe7 15. Ndf3 Bh5 16. Qe1 Bxf3 17. Rxf3 Nfd7 18. d4 Na6 19. Qe2 Nf6 20. Nd3 Rae8 21. Kh1 Nb8 22. Rg1 Nbd7 23. Nf2 {Yu,Y (2724)-Wen,Y (2573) China 2015 1-0 (104)}) ({RR} 8... Ng4 9. Nbd2 Bf6 10. d4 Nd7 11. Qc2 Be7 12. Ne5 Ndxe5 13. dxe5 Bd7 14. c5 Qc7 15. Nf3 Be8 16. Bd4 Bg6 17. Qd2 Rf7 18. e3 Bh5 19. h3 Nh6 20. Ne1 g5 21. Nd3 Raf8 22. f3 Bg6 23. b4 {Morales Camacho,J (2192)-Perez Aleman,P (2081) Arrecife de Lanzarote 2019 1-0 (55)}) 9. Nbd2 a5 $146 ({RR} 9... Nbd7 10. e4 Nc5 11. e5 Ng4 12. h3 Nh6 13. Ne1 Na6 14. a3 Rf8 15. f4 Bd7 16. b4 Nf7 17. Qe2 g6 18. Kh2 Nc7 19. Rc1 a5 20. bxa5 Rxa5 21. Nc2 b5 22. Nb3 Ra8 23. Nb4 Bxb4 24. axb4 {Adam,P (2085)-Dolezal,R (1765) Znojmo 2007 ½-½ (52)}) ({RR} 9... Nbd7 10. Qc2 Qc7 11. e4 fxe4 12. dxe4 Nxe4 13. Nxe4 dxe4 14. Qxe4 Bf6 15. Bxf6 Nxf6 16. Qe5 Qxe5 17. Nxe5 Nd7 18. Nd3 Nf8 19. Rfe1 Re7 20. Rad1 Bd7 21. Nc5 Be8 22. Rd6 b6 23. Nd3 Rc8 24. Ne5 {Zhidkov,V (2425)-Kriz,O Bratislava 1991 1-0 (38)}) ({RR} 9... Nbd7 10. Re1 Ng4 11. h3 Nh6 12. e4 Nf7 13. exf5 exf5 14. Qc2 Bf6 15. Rxe8+ Qxe8 16. Re1 Qf8 17. cxd5 cxd5 18. Nd4 Nb6 19. a4 a5 20. Nb5 Bxb2 21. Qxb2 Bd7 22. Nc7 Rd8 23. Nxd5 Nxd5 24. Bxd5 {Ries,B (2128)-Lang,H (1648) Winterberg 2002 1-0 (41)}) 10. a3 Na6 11. Qc2 Qb6 12. Rab1 c5 13. cxd5 exd5 14. e4 fxe4 15. dxe4 Nxe4 16. Nxe4 dxe4 17. Ne5 Bf5 18. Bxe4 Bd6 19. Bd5+ Be6 20. Nc4 Qc7 21. Qf5 b5 22. Bxe6+ Kh8 23. Nxd6 Qxd6 24. Bxg7+ 1-0